Statistics for Euro 2020 Group A - Italy - Switzerland

Click here to take the quiz!

General Stats

  • This quiz has been taken 86 times
  • The average score is 21 of 34

Answer Stats

Player% Correct
Gianluigi Donnarumma
99%
Ciro Immobile ¹
97%
Giorgio Chiellini
96%
Leonardo Bonucci
96%
Lorenzo Insigne
87%
Jorginho
86%
Yann Sommer
86%
Leonardo Spinazzola
84%
Xherdan Shaqiri
83%
Granit Xhaka
81%
Nicolò Barella
81%
Domenico Berardi
78%
Federico Chiesa
75%
Giovanni Di Lorenzo
75%
Manuel Locatelli ²
75%
Breel Embolo
71%
Haris Seferović
71%
Roberto Mancini
71%
Manuel Akanji
67%
Ricardo Rodríguez
65%
Fabian Schär
51%
Nico Elvedi
51%
Francesco Acerbi
45%
Kevin Mbabu
43%
Remo Freuler
42%
Matteo Pessina
38%
Vladimir Petković
38%
Bryan Cristante
30%
Mario Gavranović
30%
Djibril Sow
29%
Steven Zuber
29%
Rafael Tolói
28%
Ruben Vargas
28%
Silvan Widmer
26%

Score Distribution

Percentile by Number Answered

Percent of People with Each Score

Your Score History

You have not taken this quiz